Individualizacin̤ judicial de la pena en el Cd̤igo Penal Federal Aplicado al sistema acusatorio y oral. Estudio de los artc̕ulos 51 y 52 sobre la funcin̤ de la culpabilidad, la prevencin̤ general y especial en la determinacin̤ de la sancin̤ penal /

Bibliographic Details
Main Author: Sandoval Delgado, Emiliano
Other Authors: Gm̤ez Přez, Mara̕ ℓngela
Format: eBook
Language:Spanish
Published: [s.l.] : Jurd̕ica de las Americas, 2013
Subjects:
Online Access:Acceso restringido

MARC

LEADER 00000nam a22000007a 4500
005 20130710121833.0
007 cr|||| ||||
008 130710s2013 cl |||||s|||| 00||0 spa d
035 |a 11332 
040 |a vLex 
090 |c 4404  |d 4404 
100 1 |a Sandoval Delgado, Emiliano 
245 1 0 |a Individualizacin̤ judicial de la pena en el Cd̤igo Penal Federal  |h [Recurso electrn̤ico] :  |b Aplicado al sistema acusatorio y oral. Estudio de los artc̕ulos 51 y 52 sobre la funcin̤ de la culpabilidad, la prevencin̤ general y especial en la determinacin̤ de la sancin̤ penal /  |c Emiliano Sandoval Delgado, Mara̕ ℓngela Gm̤ez Přez  
256 |a Servicio en ln̕ea 
260 |a [s.l.] :  |b Jurd̕ica de las Americas,  |c 2013 
300 |a 1 recurso electrn̤ico 
506 1 |a Contenido solo disponible en los productos indicados  |d vLex Global  |d vLex Global (Academic Edition, excluding Law Schools)  |d vLex Global (U.S. Academic Edition, Law Schools)  |d vLex Global (U.S. Academic Edition, excluding Law Schools)  |d vLex Global (Academic Edition, Law Schools) 
650 0 4 |a Derecho penal  |z Argentina 
700 2 |a Gm̤ez Přez, Mara̕ ℓngela 
740 0 |a vLex Libros (Servicio en ln̕ea) 
856 4 0 |u http://vlex.com/source/individualizacion-judicial-pena-codigo-penal-federal-11332  |z Acceso restringido 
942 |c BOOK 
999 0 |a Criminal Law